[Event "DEM U16 2014"]
[Site "Magdeburg GER"]
[Date "2014.06.12"]
[Round "7"]
[White "Grunau, Christoph"]
[Black "Tesch, Davy"]
[Result "1-0"]
[Termination "normal"]
[Board "14"]
[WhiteElo "2077"]
[BlackElo "1744"]
[PlyCount "109"]
[WhiteFideId "12929760"]
[BlackFideId "24679917"]
[EventCountry "GER"]
[EventRounds "9"]
[EventType "swiss"]
[EventDate "2014.06.07"]

1. c4 e6 2. Nf3 d5 3. g3 Nf6 4. Bg2 Be7 5. b3 c5 6. O-O O-O 7. Bb2 Nc6 8. cxd5
exd5 9. d4 cxd4 10. Nxd4 Be6 11. Nc3 Qd7 12. Qd3 Nxd4 13. Qxd4 Rfd8 14. Rfd1 a6
15. Na4 Qb5 16. e3 Rac8 17. Rac1 Rxc1 18. Rxc1 Ne8 19. Bf1 Qd7 20. Nc5 Bxc5 21.
Rxc5 Rc8 22. Bg2 Rxc5 23. Qxc5 Qc7 24. Qxc7 Nxc7 25. Kf1 f6 26. Ke2 Bf5 27. Kd2
Kf7 28. Kc3 Ke6 29. a4 Kd6 30. Ba3+ Kc6 31. f3 Bg6 32. Bh3 Bf7 33. Bf8 g6 34.
Be7 Ne8 35. Kd4 Bg8 36. b4 Bf7 37. Bg4 Bg8 38. b5+ axb5 39. axb5+ Kc7 40. f4
Nd6 41. Bxf6 Nxb5+ 42. Kc5 Na3 43. Be5+ Kd8 44. Bf3 Nc4 45. Bd4 Nd2 46. Bxd5
Bxd5 47. Kxd5 Nf1 48. Ke6 Ke8 49. Bc5 Nxh2 50. Kf6 b5 51. Kg7 Nf1 52. g4 b4 53.
Kxh7 Kf7 54. f5 gxf5 55. g5 1-0

[Event "DEM U16 2014"]
[Site "Magdeburg GER"]
[Date "2014.06.13"]
[Round "8"]
[White "Mager, Denis"]
[Black "Schröder, Jan-Christian"]
[Result "0-1"]
[Termination "normal"]
[Board "1"]
[BlackTitle "FM"]
[WhiteElo "2138"]
[BlackElo "2372"]
[WhiteClock "00:01:18"]
[BlackClock "00:50:27"]
[PlyCount "102"]
[WhiteFideId "24691127"]
[BlackFideId "24662259"]
[EventCountry "GER"]
[EventRounds "9"]
[EventType "swiss"]
[EventDate "2014.06.07"]

1. c4 e6 2. Nf3 d5 3. g3 dxc4 4. Qa4+ Nd7 5. Bg2 a6 6. Qxc4 b5 7. Qe4 Rb8 8.
Nd4 Ne7 9. Qc2 c5 10. Nc6 Nxc6 11. Bxc6 Qb6 12. Bg2 Bb7 13. Bxb7 Qxb7 14. O-O
Be7 15. d3 O-O 16. Nc3 Rbc8 17. b3 Ne5 18. Ne4 Nc6 19. Bb2 Nd4 20. Qd2 f5 21.
Nc3 Rfd8 22. Nd1 Bg5 23. f4 Bf6 24. Rc1 g6 25. Ba1 Bg7 26. Ne3 e5 27. fxe5 Bh6
28. Rf4 Qe7 29. Ng2 Qxe5 30. e3 Bxf4 31. exf4 Nf3+ 32. Kf2 Qxa1 33. Kxf3 Qd4
34. Ne1 c4 35. bxc4 bxc4 36. Qe2 Qd5+ 37. Kf2 cxd3 38. Nxd3 Qd4+ 39. Kg2 Qe4+
40. Kf2 Rxc1 41. Nxc1 Qxe2+ 42. Kxe2 Kf7 43. Nd3 a5 44. Kd2 Ke6 45. Kc3 Kd5 46.
Kb3 Ke4 47. Ne5 g5 48. Nf7 Rb8+ 49. Kc3 gxf4 50. Nd6+ Kd5 51. Nxf5 f3 0-1

[Event "DEM U16 2014"]
[Site "Magdeburg GER"]
[Date "2014.06.13"]
[Round "8"]
[White "Kollars, Dmitrij"]
[Black "Sawlin, Leonid"]
[Result "1-0"]
[Termination "normal"]
[Board "2"]
[WhiteElo "2191"]
[BlackElo "2141"]
[WhiteClock "00:21:55"]
[BlackClock "00:24:45"]
[PlyCount "59"]
[WhiteFideId "12909572"]
[BlackFideId "4689542"]
[EventCountry "GER"]
[EventRounds "9"]
[EventType "swiss"]
[EventDate "2014.06.07"]

1. e4 e6 2. d4 d5 3. Nc3 Nf6 4. Bg5 Be7 5. e5 Nfd7 6. h4 Bxg5 7. hxg5 Qxg5 8.
Nh3 Qe7 9. Qg4 g6 10. Ng5 h5 11. Qf4 a6 12. O-O-O c5 13. dxc5 Rf8 14. Bd3 Nc6
15. g4 hxg4 16. Rde1 Ncxe5 17. Rxe5 Nxe5 18. Qxe5 f6 19. Bxg6+ Kd8 20. Qe3 fxg5
21. Rh7 Qf6 22. c6 Qxg6 23. cxb7 Bxb7 24. Qb6+ Ke8 25. Qxb7 Qxh7 26. Qxh7 Rd8
27. Qg6+ Kd7 28. Qxg5 Rg8 29. Qe3 Ra8 30. Na4 1-0

[Event "DEM U16 2014"]
[Site "Magdeburg GER"]
[Date "2014.06.13"]
[Round "8"]
[White "Gretz, Denis"]
[Black "Perske, Thore"]
[Result "1-0"]
[Termination "normal"]
[Board "3"]
[WhiteElo "2021"]
[BlackElo "2219"]
[WhiteClock "00:03:05"]
[BlackClock "00:07:03"]
[PlyCount "77"]
[WhiteFideId "12945188"]
[BlackFideId "12902195"]
[EventCountry "GER"]
[EventRounds "9"]
[EventType "swiss"]
[EventDate "2014.06.07"]

1. e4 e6 2. d4 d5 3. Nc3 Nf6 4. e5 Nfd7 5. f4 c5 6. Nf3 Nc6 7. Be3 cxd4 8. Nxd4
Bc5 9. Qd2 O-O 10. O-O-O a6 11. g4 Nxd4 12. Bxd4 b5 13. h4 Qc7 14. h5 b4 15.
Ne2 a5 16. Bxc5 Nxc5 17. Nd4 Ne4 18. Qe1 a4 19. h6 g6 20. Qxb4 a3 21. Rh3 axb2+
22. Qxb2 Nf2 23. Rc3 Qa7 24. Nc6 Qb7 25. Rd4 Qxb2+ 26. Kxb2 Nxg4 27. Ne7+ Kh8
28. a4 Bd7 29. Bb5 Ra7 30. Bxd7 Rxd7 31. Rc8 Rxc8 32. Nxc8 f6 33. exf6 Nxf6 34.
Rb4 Kg8 35. a5 Ne8 36. a6 Rd8 37. a7 Nc7 38. Rb7 Na8 39. Rb8 1-0

[Event "DEM U16 2014"]
[Site "Magdeburg GER"]
[Date "2014.06.13"]
[Round "8"]
[White "Richter, Leonard"]
[Black "Niegsch, Nicolas"]
[Result "1-0"]
[Termination "normal"]
[Board "4"]
[WhiteElo "2127"]
[BlackElo "2005"]
[WhiteClock "00:16:59"]
[BlackClock "00:26:56"]
[PlyCount "47"]
[WhiteFideId "12900290"]
[BlackFideId "12932140"]
[EventCountry "GER"]
[EventRounds "9"]
[EventType "swiss"]
[EventDate "2014.06.07"]

1. Nf3 d5 2. c4 d4 3. d3 c5 4. b4 f6 5. g3 e5 6. Bg2 cxb4 7. a3 bxa3 8. Bxa3
Bxa3 9. Nxa3 Ne7 10. O-O O-O 11. Nd2 Nec6 12. Nb5 Qe7 13. Qb3 Bg4 14. Bd5+ Kh8
15. f3 Bh3 16. Rfb1 a5 17. Qa3 Bc8 18. Nd6 Ra7 19. N2e4 Bh3 20. Nb5 Qxa3 21.
Rxa3 Ra6 22. Nbd6 b6 23. g4 h5 24. Nf2 1-0

[Event "DEM U16 2014"]
[Site "Magdeburg GER"]
[Date "2014.06.13"]
[Round "8"]
[White "Bingert, Tim Niklas"]
[Black "Bohlsen, Linus"]
[Result "1-0"]
[Termination "normal"]
[Board "5"]
[WhiteElo "2122"]
[BlackElo "1888"]
[WhiteClock "00:07:38"]
[BlackClock "00:19:21"]
[PlyCount "95"]
[WhiteFideId "12917907"]
[BlackFideId "12958093"]
[EventCountry "GER"]
[EventRounds "9"]
[EventType "swiss"]
[EventDate "2014.06.07"]

1. e4 c5 2. Nf3 d6 3. Bb5+ Nd7 4. d4 Ngf6 5. O-O cxd4 6. Qxd4 e5 7. Qd3 h6 8.
c4 Be7 9. Nc3 O-O 10. Bxd7 Bxd7 11. Rd1 a6 12. c5 dxc5 13. Bxh6 c4 14. Qe2 Qc7
15. Bg5 Be6 16. Bxf6 Bxf6 17. Nd5 Bxd5 18. Rxd5 Rfd8 19. Rad1 Kf8 20. g4 g6 21.
g5 Bg7 22. Rxd8+ Rxd8 23. Rxd8+ Qxd8 24. Qxc4 Qd7 25. Kf1 Ke8 26. Ke2 Ke7 27.
b3 b5 28. Qc5+ Qd6 29. Qxd6+ Kxd6 30. Kd3 Ke6 31. Ne1 Bf8 32. h4 Bc5 33. Ke2
Be7 34. Kf3 a5 35. Nd3 Bd8 36. Kg4 Bb6 37. h5 gxh5+ 38. Kxh5 Bd4 39. g6 fxg6+
40. Kxg6 Bb6 41. Kg5 Bd4 42. f4 Be3 43. Nxe5 a4 44. Nd3 axb3 45. axb3 Bd2 46.
Kg4 Bc3 47. f5+ Kf6 48. e5+ 1-0

[Event "DEM U16 2014"]
[Site "Magdeburg GER"]
[Date "2014.06.13"]
[Round "8"]
[White "Wilhelm, Till"]
[Black "Schmidt, Tobias"]
[Result "1/2-1/2"]
[Termination "normal"]
[Board "6"]
[WhiteElo "1994"]
[BlackElo "2005"]
[WhiteClock "00:18:29"]
[BlackClock "00:18:00"]
[PlyCount "42"]
[WhiteFideId "12942391"]
[BlackFideId "1271683"]
[EventCountry "GER"]
[EventRounds "9"]
[EventType "swiss"]
[EventDate "2014.06.07"]

1. d4 d5 2. c4 dxc4 3. Nf3 a6 4. e3 Nf6 5. Bxc4 e6 6. Bd3 c5 7. O-O Nc6 8. a3
cxd4 9. exd4 Be7 10. Nc3 O-O 11. Be3 b6 12. Qe2 Bb7 13. Rfd1 Qc7 14. Rac1 Rfd8
15. b4 Qb8 16. h3 Qa7 17. Rc2 Rac8 18. Rdc1 Nb8 19. Ne5 Nbd7 20. Nc4 g6 21. Bf4
Qa8 1/2-1/2

[Event "DEM U16 2014"]
[Site "Magdeburg GER"]
[Date "2014.06.13"]
[Round "8"]
[White "Bilchinski, Anton"]
[Black "Pfreundt, Jakob"]
[Result "1-0"]
[Termination "normal"]
[Board "7"]
[WhiteElo "1974"]
[BlackElo "1982"]
[WhiteClock "00:33:44"]
[BlackClock "00:27:46"]
[PlyCount "117"]
[WhiteFideId "24615765"]
[BlackFideId "12918156"]
[EventCountry "GER"]
[EventRounds "9"]
[EventType "swiss"]
[EventDate "2014.06.07"]

1. d4 d6 2. Nf3 Nd7 3. c4 Ngf6 4. Nc3 e5 5. e3 c6 6. Qc2 Be7 7. Be2 O-O 8. O-O
Re8 9. Rd1 Qc7 10. b3 Nf8 11. Bb2 Ng6 12. Rac1 Bf8 13. b4 Bg4 14. h3 Bd7 15. b5
Rac8 16. Qb3 Qb8 17. a4 e4 18. Nd2 h5 19. d5 c5 20. Re1 h4 21. Bd1 Re7 22. Bc2
Rce8 23. Qa2 Qc8 24. Kh2 Bf5 25. Qb1 Ne5 26. f3 Nd3 27. Bxd3 exd3 28. e4 Bd7
29. Qxd3 Nh5 30. Qe3 g6 31. Ne2 Kh7 32. Qf2 Bh6 33. f4 g5 34. Rcd1 Rg8 35. fxg5
Rxg5 36. Qxh4 Qg8 37. g4 Ng7 38. Nf3 Ne8 39. Nxg5+ Qxg5 40. Qxg5 Bxg5 41. Ng3
Bf4 42. Kg2 Be5 43. Bxe5 Rxe5 44. Rf1 Kg6 45. Rf4 f6 46. Rdf1 Kf7 47. Nh5 Ke7
48. Kf3 Rg5 49. Ke3 Rg6 50. Ng3 Rh6 51. R1f3 Rg6 52. Nf5+ Bxf5 53. exf5 Rh6 54.
Re4+ Kd7 55. Kf2 Nc7 56. Kg3 Na8 57. a5 b6 58. a6 Nc7 59. h4 1-0

[Event "DEM U16 2014"]
[Site "Magdeburg GER"]
[Date "2014.06.13"]
[Round "8"]
[White "Beeck, Mats"]
[Black "Grigorian, Spartak"]
[Result "1/2-1/2"]
[Termination "normal"]
[Board "8"]
[WhiteElo "1877"]
[BlackElo "2186"]
[WhiteClock "00:16:26"]
[BlackClock "00:26:52"]
[PlyCount "210"]
[WhiteFideId "12936944"]
[BlackFideId "24661490"]
[EventCountry "GER"]
[EventRounds "9"]
[EventType "swiss"]
[EventDate "2014.06.07"]

1. d4 Nf6 2. c4 e6 3. Nc3 Bb4 4. Qc2 O-O 5. a3 Bxc3+ 6. Qxc3 d5 7. Nf3 Ne4 8.
Qc2 c5 9. dxc5 a5 10. e3 Nd7 11. cxd5 exd5 12. Be2 Ndxc5 13. O-O Bf5 14. Nd4
Bg6 15. f3 Qg5 16. f4 Qh6 17. f5 Bh5 18. Bxh5 Qxh5 19. Qd1 Qxd1 20. Rxd1 Rfc8
21. Bd2 Nxd2 22. Rxd2 Ne4 23. Rdd1 Rc5 24. Rac1 Rac8 25. Rxc5 Rxc5 26. Kf1 Kf8
27. Ke2 Ke7 28. Kf3 a4 29. b3 axb3 30. Nxb3 Rb5 31. Nd2 Rb2 32. Nxe4 dxe4+ 33.
Kxe4 Rxg2 34. Rb1 Rxh2 35. Rxb7+ Kf6 36. Kf3 Rh3+ 37. Kf2 h5 38. a4 h4 39. a5
Rh2+ 40. Kf1 Ra2 41. Ra7 h3 42. Kg1 Re2 43. a6 Rxe3 44. Rb7 Ra3 45. a7 Ra2 46.
Rc7 g5 47. fxg6 Kxg6 48. Rc3 h2+ 49. Kh1 Kf5 50. Rf3+ Ke6 51. a8=Q Rxa8 52.
Kxh2 Rg8 53. Ra3 Rg4 54. Ra5 f5 55. Ra6+ Ke5 56. Ra5+ Kf6 57. Ra6+ Kg5 58. Ra5
Rb4 59. Kg2 Rb3 60. Ra4 Rb1 61. Kf2 Rh1 62. Kg2 Rh8 63. Kf3 Rc8 64. Rb4 Ra8 65.
Rc4 Ra5 66. Kg3 Ra3+ 67. Kf2 Ra5 68. Kg3 Rb5 69. Ra4 Rb3+ 70. Kf2 Rb1 71. Rc4
Kf6 72. Rc5 Rb4 73. Kf3 Ra4 74. Rb5 Kg5 75. Rc5 Ra3+ 76. Kf2 Kg4 77. Rc4+ f4
78. Rc2 Rh3 79. Rc8 Rh2+ 80. Kg1 Re2 81. Kf1 Kf3 82. Rh8 Rf2+ 83. Kg1 Rg2+ 84.
Kf1 Rg3 85. Ra8 Rh3 86. Ra3+ Kg4 87. Rxh3 Kxh3 88. Kf2 Kg4 89. Kg2 f3+ 90. Kf2
Kf4 91. Kf1 Kf5 92. Kf2 Kg4 93. Kf1 Kf4 94. Kf2 Ke4 95. Kf1 Ke3 96. Ke1 Kd4 97.
Kf2 Ke4 98. Kf1 Ke5 99. Kf2 Kf4 100. Kf1 Kg3 101. Kg1 Kh3 102. Kf2 Kg4 103. Kf1
Kg3 104. Kg1 f2+ 105. Kf1 Kf3 1/2-1/2

[Event "DEM U16 2014"]
[Site "Magdeburg GER"]
[Date "2014.06.13"]
[Round "8"]
[White "Baskin, Robert"]
[Black "Borchert, René"]
[Result "1/2-1/2"]
[Termination "normal"]
[Board "9"]
[WhiteElo "2222"]
[BlackElo "2008"]
[PlyCount "79"]
[WhiteFideId "24662402"]
[BlackFideId "12990671"]
[EventCountry "GER"]
[EventRounds "9"]
[EventType "swiss"]
[EventDate "2014.06.07"]

1. e4 e5 2. Nf3 Nc6 3. Bb5 a6 4. Ba4 Nf6 5. O-O b5 6. Bb3 Bc5 7. c3 Bb6 8. Re1
d6 9. h3 O-O 10. d4 Bb7 11. dxe5 Nxe5 12. Bc2 h6 13. Nxe5 dxe5 14. Qe2 Qe7 15.
Nd2 Rfd8 16. Nf1 Bc8 17. Ng3 Be6 18. Qf3 Nd7 19. Nf5 Bxf5 20. exf5 Bc5 21. Bf4
Qf6 22. Bg3 Bd6 23. Rad1 Nc5 24. b4 Nd7 25. Re4 Qe7 26. Re2 Re8 27. Be4 Rab8
28. Bc6 Red8 29. a4 Nf6 30. axb5 axb5 31. Bh4 Rb6 32. Ra1 Rdb8 33. Ra5 Kf8 34.
g4 Kg8 35. Qg2 Qd8 36. Rd2 e4 37. Bd5 c6 38. Bxf7+ Kxf7 39. Bg3 Nd5 40. Qxe4
1/2-1/2

[Event "DEM U16 2014"]
[Site "Magdeburg GER"]
[Date "2014.06.13"]
[Round "8"]
[White "Geue, Niklas"]
[Black "Schmekel, Florian"]
[Result "1-0"]
[Termination "normal"]
[Board "12"]
[WhiteElo "1892"]
[BlackElo "1771"]
[PlyCount "127"]
[WhiteFideId "12961043"]
[BlackFideId "12913456"]
[EventCountry "GER"]
[EventRounds "9"]
[EventType "swiss"]
[EventDate "2014.06.07"]

1. e4 c5 2. Nf3 Nc6 3. d4 cxd4 4. Nxd4 g6 5. Nc3 Bg7 6. Be3 Nf6 7. Bc4 O-O 8.
Bb3 a5 9. O-O a4 10. Nxa4 Nxe4 11. Nb5 d6 12. f3 Qa5 13. c4 Nc5 14. Nxc5 dxc5
15. Qe2 Qb6 16. Rad1 Bd4 17. Kh1 e5 18. f4 Re8 19. Bxd4 cxd4 20. c5 Qxc5 21.
Nc7 Bf5 22. Nxa8 Rxa8 23. fxe5 Nxe5 24. Rfe1 Ng4 25. Rc1 Qd6 26. g3 Ne3 27. Qf3
Qe7 28. Kg1 Qd7 29. Qf4 Qb5 30. Qxd4 Ng4 31. Re7 Rf8 32. Rcc7 Nh6 33. Qe3 Bh3
34. Rc1 Nf5 35. Re5 Qd7 36. Qf2 Qd6 37. Rd5 Qe7 38. Re1 Qb4 39. Qd2 Qb6+ 40.
Qf2 Qc7 41. Rc5 Qd6 42. Rd5 Qb4 43. Rd2 Nd6 44. Qd4 Qxd4+ 45. Rxd4 Nf5 46. Rde4
Ng7 47. Re7 Ne6 48. Rxb7 Ng5 49. Kf2 Ra8 50. a4 Ra6 51. Re5 Rf6+ 52. Ke3 h6 53.
a5 Rf3+ 54. Kd2 Rf6 55. Re8+ Kg7 56. Rb6 Rf2+ 57. Re2 Rf5 58. a6 Ra5 59. Re7
Bf1 60. a7 Bg2 61. Kc3 Ra1 62. Rd7 Rc1+ 63. Kb4 Ra1 64. Ba4 1-0

[Event "DEM U16 2014"]
[Site "Magdeburg GER"]
[Date "2014.06.13"]
[Round "8"]
[White "Herdzik, Matthias"]
[Black "Herzum, Peter"]
[Result "1-0"]
[Termination "normal"]
[Board "13"]
[WhiteElo "1899"]
[BlackElo "1951"]
[PlyCount "43"]
[WhiteFideId "12983241"]
[BlackFideId "12919217"]
[EventCountry "GER"]
[EventRounds "9"]
[EventType "swiss"]
[EventDate "2014.06.07"]

1. e4 c5 2. Nf3 d6 3. d4 cxd4 4. Nxd4 Nf6 5. Nc3 a6 6. Bc4 e6 7. Bb3 Qc7 8. Qf3
Nc6 9. Be3 Be7 10. g4 Nxd4 11. Bxd4 e5 12. g5 exd4 13. gxf6 dxc3 14. fxg7 Rg8
15. Qxf7+ Kd7 16. Qxg8 cxb2 17. Qe6+ Kc6 18. Qc4+ Kd7 19. Qxc7+ Ke8 20. g8=Q+
Bf8 21. Qxf8+ Kxf8 22. Qf7# 1-0

[Event "DEM U16 2014"]
[Site "Magdeburg GER"]
[Date "2014.06.13"]
[Round "8"]
[White "Tesch, Davy"]
[Black "Scheftlein, Richard"]
[Result "1/2-1/2"]
[Termination "normal"]
[Board "14"]
[WhiteElo "1744"]
[BlackElo "1957"]
[PlyCount "43"]
[WhiteFideId "24679917"]
[BlackFideId "12945609"]
[EventCountry "GER"]
[EventRounds "9"]
[EventType "swiss"]
[EventDate "2014.06.07"]

1. d4 Nf6 2. Nf3 c5 3. e3 b6 4. Bd3 Bb7 5. Nbd2 g6 6. c3 d5 7. Ne5 Bg7 8. O-O
Nfd7 9. f4 e6 10. Ndf3 f6 11. Nxd7 Nxd7 12. Qc2 c4 13. Be2 Qc7 14. b3 b5 15.
Ba3 Kf7 16. h4 Bf8 17. Bxf8 Raxf8 18. a4 a6 19. axb5 axb5 20. bxc4 bxc4 21.
Rfb1 Rc8 22. Qb2 1/2-1/2

[Event "DEM U16 2014"]
[Site "Magdeburg GER"]
[Date "2014.06.14"]
[Round "9"]
[White "Schröder, Jan-Christian"]
[Black "Richter, Leonard"]
[Result "1/2-1/2"]
[Termination "normal"]
[Board "1"]
[WhiteTitle "FM"]
[WhiteElo "2372"]
[BlackElo "2127"]
[WhiteClock "00:17:39"]
[BlackClock "00:04:02"]
[PlyCount "103"]
[WhiteFideId "24662259"]
[BlackFideId "12900290"]
[EventCountry "GER"]
[EventRounds "9"]
[EventType "swiss"]
[EventDate "2014.06.07"]

1. e4 {[%clk 1:30:45]} c5 {[%clk 1:30:56]} 2. Nf3 {[%clk 1:31:07]} d6 {[%clk
1:31:22]} 3. d4 {[%clk 1:31:33]} cxd4 {[%clk 1:31:47]} 4. Nxd4 {[%clk 1:31:59]}
Nf6 {[%clk 1:32:10]} 5. Nc3 {[%clk 1:32:26]} a6 {[%clk 1:32:34]} 6. Be3 {[%clk
1:32:52]} e5 {[%clk 1:32:54]} 7. Nf3 {[%clk 1:33:18]} Qc7 {[%clk 1:32:53]} 8.
a4 {[%clk 1:33:26]} Be6 {[%clk 1:31:47]} 9. a5 {[%clk 1:33:47]} Nbd7 {[%clk
1:29:47]} 10. Be2 {[%clk 1:31:56]} h6 {[%clk 1:22:41]} 11. O-O {[%clk 1:30:22]}
Be7 {[%clk 1:20:23]} 12. Nd5 {[%clk 1:18:19]} Nxd5 {[%clk 1:07:44]} 13. exd5
{[%clk 1:18:44]} Bg4 {[%clk 1:08:06]} 14. Nd2 {[%clk 0:57:46]} Bxe2 {[%clk
1:07:32]} 15. Qxe2 {[%clk 0:58:14]} O-O {[%clk 1:03:29]} 16. c4 {[%clk
0:58:36]} f5 {[%clk 0:59:07]} 17. f3 {[%clk 0:58:34]} Rae8 {[%clk 0:51:34]} 18.
b4 {[%clk 0:56:17]} Bg5 {[%clk 0:43:40]} 19. Rac1 {[%clk 0:55:36]} Nf6 {[%clk
0:36:22]} 20. Bxg5 {[%clk 0:40:55]} hxg5 {[%clk 0:36:35]} 21. Qe3 {[%clk
0:41:24]} g4 {[%clk 0:27:40]} 22. c5 {[%clk 0:36:09]} dxc5 {[%clk 0:22:04]} 23.
Rxc5 {[%clk 0:35:46]} Qf7 {[%clk 0:20:29]} 24. d6 {[%clk 0:33:36]} Qe6 {[%clk
0:19:31]} 25. Nc4 {[%clk 0:31:25]} gxf3 {[%clk 0:15:53]} 26. gxf3 {[%clk
0:28:15]} e4 {[%clk 0:09:22]} 27. Qd4 {[%clk 0:23:57]} Nd7 {[%clk 0:08:30]} 28.
Rc7 {[%clk 0:23:29]} exf3 {[%clk 0:06:49]} 29. Rxf3 {[%clk 0:21:58]} f4 {[%clk
0:06:59]} 30. Qd2 {[%clk 0:10:37]} Qg4+ {[%clk 0:06:06]} 31. Kf2 {[%clk
0:11:02]} Rf6 {[%clk 0:04:26]} 32. Rxd7 {[%clk 0:06:40]} Qxd7 {[%clk 0:02:55]}
33. Qd5+ {[%clk 0:07:09]} Qf7 {[%clk 0:02:16]} 34. Rd3 {[%clk 0:05:32]} Qxd5
{[%clk 0:01:23]} 35. Rxd5 {[%clk 0:05:30]} Rd8 {[%clk 0:01:40]} 36. Kf3 {[%clk
0:05:18]} Rh6 {[%clk 0:01:30]} 37. b5 {[%clk 0:01:57]} axb5 {[%clk 0:00:54]}
38. Rxb5 {[%clk 0:02:22]} Rd7 {[%clk 0:01:21]} 39. Rd5 {[%clk 0:01:53]} Kf8
{[%clk 0:00:59]} 40. Rf5+ {[%clk 0:01:22]} Ke8 {[%clk 0:00:42]} 41. Re5+ {[%clk
0:29:28]} Kd8 {[%clk 0:16:54]} 42. Rf5 {[%clk 0:26:47]} Rf6 {[%clk 0:15:41]}
43. Rh5 {[%clk 0:25:54]} Rdf7 {[%clk 0:13:20]} 44. Rb5 {[%clk 0:23:04]} Rf5
{[%clk 0:08:36]} 45. Ne5 {[%clk 0:23:29]} R7f6 {[%clk 0:06:30]} 46. h4 {[%clk
0:20:17]} g6 {[%clk 0:04:15]} 47. a6 {[%clk 0:18:15]} Rxe5 {[%clk 0:04:17]} 48.
Rxe5 {[%clk 0:18:37]} bxa6 {[%clk 0:04:40]} 49. Ra5 {[%clk 0:17:29]} Rxd6
{[%clk 0:05:02]} 50. Kxf4 {[%clk 0:17:57]} Rb6 {[%clk 0:04:03]} 51. Ke3 {[%clk
0:17:45]} Ke7 {[%clk 0:04:02]} 52. h5 {[%clk 0:17:39]} 1/2-1/2

[Event "DEM U16 2014"]
[Site "Magdeburg GER"]
[Date "2014.06.14"]
[Round "9"]
[White "Sawlin, Leonid"]
[Black "Bingert, Tim Niklas"]
[Result "0-1"]
[Termination "normal"]
[Board "2"]
[WhiteElo "2141"]
[BlackElo "2122"]
[WhiteClock "01:22:10"]
[BlackClock "00:24:27"]
[PlyCount "94"]
[WhiteFideId "4689542"]
[BlackFideId "12917907"]
[EventCountry "GER"]
[EventRounds "9"]
[EventType "swiss"]
[EventDate "2014.06.07"]

1. e4 {[%clk 1:30:59]} e5 {[%clk 1:30:55]} 2. Nf3 {[%clk 1:31:20]} Nc6 {[%clk
1:31:20]} 3. d4 {[%clk 1:31:45]} exd4 {[%clk 1:31:45]} 4. Nxd4 {[%clk 1:32:09]}
Nf6 {[%clk 1:32:10]} 5. Nxc6 {[%clk 1:32:28]} bxc6 {[%clk 1:32:35]} 6. e5
{[%clk 1:32:41]} Qe7 {[%clk 1:33:00]} 7. Qe2 {[%clk 1:33:05]} Nd5 {[%clk
1:33:24]} 8. c4 {[%clk 1:33:26]} Nb6 {[%clk 1:33:47]} 9. Nc3 {[%clk 1:32:16]}
Bb7 {[%clk 1:33:39]} 10. Bd2 {[%clk 1:29:54]} g6 {[%clk 1:33:47]} 11. O-O-O
{[%clk 1:29:00]} Bg7 {[%clk 1:25:31]} 12. Kb1 {[%clk 1:25:29]} O-O-O {[%clk
1:21:19]} 13. Re1 {[%clk 1:22:59]} Rhe8 {[%clk 1:01:28]} 14. Ne4 {[%clk
1:18:37]} c5 {[%clk 0:58:22]} 15. h4 {[%clk 1:14:46]} Qxe5 {[%clk 0:53:15]} 16.
Nc3 {[%clk 1:12:24]} Qf5+ {[%clk 0:38:25]} 17. Qd3 {[%clk 1:12:27]} Rxe1+
{[%clk 0:31:55]} 18. Bxe1 {[%clk 1:12:44]} Re8 {[%clk 0:32:09]} 19. Bd2 {[%clk
1:09:45]} Qxd3+ {[%clk 0:28:52]} 20. Bxd3 {[%clk 1:10:12]} Bxg2 {[%clk
0:29:09]} 21. Rg1 {[%clk 1:09:36]} Bxc3 {[%clk 0:27:59]} 22. Bxc3 {[%clk
1:07:01]} Be4 {[%clk 0:28:12]} 23. Kc2 {[%clk 1:06:48]} Nxc4 {[%clk 0:23:24]}
24. h5 {[%clk 1:05:36]} Bxd3+ {[%clk 0:14:56]} 25. Kxd3 {[%clk 1:05:56]} Nd6
{[%clk 0:15:20]} 26. hxg6 {[%clk 1:05:28]} fxg6 {[%clk 0:15:46]} 27. Rh1 {[%clk
1:05:12]} h5 {[%clk 0:16:10]} 28. Rg1 {[%clk 1:05:02]} Re6 {[%clk 0:16:19]} 29.
b3 {[%clk 0:59:08]} Kb7 {[%clk 0:15:13]} 30. Bd2 {[%clk 0:59:09]} Nf5 {[%clk
0:14:46]} 31. Bf4 {[%clk 0:56:25]} d5 {[%clk 0:14:00]} 32. Rc1 {[%clk 0:56:23]}
Kb6 {[%clk 0:12:48]} 33. Bd2 {[%clk 0:56:27]} h4 {[%clk 0:04:53]} 34. a4 {[%clk
0:56:08]} Rc6 {[%clk 0:03:36]} 35. Rb1 {[%clk 0:56:00]} Kb7 {[%clk 0:02:01]}
36. Kc3 {[%clk 0:55:30]} Kc8 {[%clk 0:02:07]} 37. Re1 {[%clk 0:55:24]} c4
{[%clk 0:01:37]} 38. b4 {[%clk 0:52:53]} d4+ {[%clk 0:01:43]} 39. Kc2 {[%clk
0:53:20]} Kd7 {[%clk 0:01:02]} 40. Re5 {[%clk 0:53:00]} Re6 {[%clk 0:00:38]}
41. Rd5+ {[%clk 0:52:06]} Kc8 {[%clk 0:27:54]} 42. Rc5 {[%clk 1:21:59]} Re2
{[%clk 0:24:11]} 43. Rxc4 {[%clk 1:22:20]} Rxf2 {[%clk 0:24:38]} 44. Rc6 {[%clk
1:20:59]} h3 {[%clk 0:23:52]} 45. Rxg6 {[%clk 1:21:22]} h2 {[%clk 0:23:53]} 46.
Rg8+ {[%clk 1:21:44]} Kb7 {[%clk 0:24:18]} 47. Rh8 {[%clk 1:22:10]} Ng3 {[%clk
0:24:27]} 0-1

[Event "DEM U16 2014"]
[Site "Magdeburg GER"]
[Date "2014.06.14"]
[Round "9"]
[White "Bilchinski, Anton"]
[Black "Gretz, Denis"]
[Result "1-0"]
[Termination "normal"]
[Board "3"]
[WhiteElo "1974"]
[BlackElo "2021"]
[WhiteClock "00:02:01"]
[BlackClock "00:03:51"]
[PlyCount "79"]
[WhiteFideId "24615765"]
[BlackFideId "12945188"]
[EventCountry "GER"]
[EventRounds "9"]
[EventType "swiss"]
[EventDate "2014.06.07"]

1. d4 {[%clk 1:30:58]} d5 {[%clk 1:30:52]} 2. c4 {[%clk 1:31:14]} Nc6 {[%clk
1:31:02]} 3. e3 {[%clk 1:23:51]} e6 {[%clk 1:30:52]} 4. Nc3 {[%clk 1:23:36]}
Nf6 {[%clk 1:30:49]} 5. Nf3 {[%clk 1:21:19]} Bb4 {[%clk 1:30:45]} 6. Qc2 {[%clk
1:20:17]} O-O {[%clk 1:29:35]} 7. a3 {[%clk 1:17:44]} Bxc3+ {[%clk 1:23:06]} 8.
bxc3 {[%clk 1:17:44]} b6 {[%clk 1:19:50]} 9. cxd5 {[%clk 1:14:09]} exd5 {[%clk
1:19:01]} 10. Be2 {[%clk 1:09:46]} g6 {[%clk 1:10:56]} 11. c4 {[%clk 1:04:54]}
Bf5 {[%clk 1:07:19]} 12. Bd3 {[%clk 0:58:27]} Bxd3 {[%clk 1:05:11]} 13. Qxd3
{[%clk 0:58:33]} dxc4 {[%clk 1:01:03]} 14. Qxc4 {[%clk 0:58:21]} Na5 {[%clk
1:00:42]} 15. Qc2 {[%clk 0:58:12]} Qd5 {[%clk 0:53:00]} 16. O-O {[%clk
0:55:37]} Qc4 {[%clk 0:48:50]} 17. Ra2 {[%clk 0:50:46]} Rfe8 {[%clk 0:41:27]}
18. Bd2 {[%clk 0:45:39]} Qd5 {[%clk 0:36:08]} 19. Bxa5 {[%clk 0:43:56]} Qxa5
{[%clk 0:35:26]} 20. Qxc7 {[%clk 0:42:25]} Nd5 {[%clk 0:34:28]} 21. Qc2 {[%clk
0:40:26]} Rac8 {[%clk 0:33:18]} 22. Qb2 {[%clk 0:35:07]} Rc3 {[%clk 0:31:44]}
23. Raa1 {[%clk 0:28:10]} Rec8 {[%clk 0:29:18]} 24. e4 {[%clk 0:21:33]} Nf4
{[%clk 0:23:42]} 25. Ne5 {[%clk 0:19:02]} f6 {[%clk 0:20:38]} 26. Qa2+ {[%clk
0:16:50]} Kh8 {[%clk 0:20:45]} 27. Nf7+ {[%clk 0:15:14]} Kg7 {[%clk 0:21:02]}
28. Nd6 {[%clk 0:12:58]} Qg5 {[%clk 0:20:06]} 29. g3 {[%clk 0:12:31]} Rf8
{[%clk 0:07:21]} 30. f3 {[%clk 0:05:54]} Nh3+ {[%clk 0:07:18]} 31. Kg2 {[%clk
0:05:10]} Nf4+ {[%clk 0:05:06]} 32. Kh1 {[%clk 0:04:11]} Nd3 {[%clk 0:05:11]}
33. d5 {[%clk 0:01:42]} Qe3 {[%clk 0:05:05]} 34. Nb5 {[%clk 0:01:42]} Rc5
{[%clk 0:05:16]} 35. Nxa7 {[%clk 0:02:08]} f5 {[%clk 0:04:13]} 36. exf5 {[%clk
0:01:20]} Rxf5 {[%clk 0:04:34]} 37. Qg2 {[%clk 0:01:05]} Rfxd5 {[%clk 0:04:26]}
38. a4 {[%clk 0:01:14]} Rc1 {[%clk 0:03:40]} 39. Raxc1 {[%clk 0:01:34]} Nxc1
{[%clk 0:03:51]} 40. Qb2+ {[%clk 0:02:01]} 1-0